000 01265nam2a22002891 4500
001 rc\319868
005 20250612182307.0
035 _a(NLR Aleph) 008778657
090 _a7968490
_c7968490
100 _a20030307d1990 |||y0rusy50 ca
101 0 _arus
102 _aRU
105 _aa |||||||||
200 1 _aПетр II и Анна Иоанновна
_eИз записок князя П.В. Долгорукова
_eПер. с фр.]
210 _dБ. г. (1990)
_aБ. м.
215 _a183, [1] с.
_cил.
300 _aВых. дан. ориг.: М.: Моск. книгоизд. товарищество "Образование", 1909
300 _aНа тит. л.: 3
461 0 _1001rc\319867
_12001#$aВокруг трона$e[В 4 кн.]$v[Кн. 1
_99545587
_cРостов н/Д
_dБ. г.
_e[Репринт. воспроизведение изд. 1909-1910 г.]
_nПериодика Дона
_o[В 4 кн.]
_tВокруг трона
_y5750902706
_v[Кн. 1
600 0 _aПетр
_dII
_cимп.
_2psbo
600 0 _aАнна Иоанновна
_cимп.
_2psbo
702 1 _aДолгоруков
_bП.В.
_gПетр Владимирович
_4570
801 0 _aRU
_bNLR
_gpsbo
801 1 _aRU
_bELAR
_2rusmarc
852 _aNLR
_j91-3/2272
942 _cBOOK
980 _aNB